000 00609nam a22002417a 4500
003 UA-OsUOA
001 288
007 ta
008 20050525b un ||||| |||| 00| 0 ukr d
100 _aЯн В.Г.
090 _a821.161.1
_bЯ60
942 _cBK
040 _aUA-OsUOA
_brus
_cUA-OsUOA
_dUA-OsUOA
245 _aЧингисхан
_bроман
300 _a320 с.
955 _a3
041 _arus
080 _a821.161.1
020 _a5-11-001450-7
260 _aК.
_bВища школа
_c1989
650 7 _a82 Література. Літературознавство
_2UDC
999 _c286449
_d286449